| 000 | 00374nam a2200133Ia 4500 | ||
|---|---|---|---|
| 005 | 20260328104343.0 | ||
| 008 | 260328s9999||||xx |||||||||||||| ||und|| | ||
| 100 | _aGreen, Jared | ||
| 245 | 0 |
_aGood Energy : _b Renewable Power and the Design of Everyday Life / _cJared Green |
|
| 260 | _bPrinceton Architectural Press | ||
| 300 | _a239 p. | ||
| 650 | _aVIVIENDA | ||
| 942 | _cBK | ||
| 999 |
_c12190 _d12190 |
||